| 000 | 00622nam a2200169 i 4500 | ||
|---|---|---|---|
| 001 | 24536 | ||
| 003 | ES-MaACL | ||
| 005 | 20230906153053.0 | ||
| 007 | t| | ||
| 008 | 021217s1901 sp ||||1| spa d | ||
| 100 | 1 |
_aAndújar y Solana, Manuel. _921687 |
|
| 245 | 1 | 0 |
_aPatria y "Sea Power" _b: artículos publicados en la "Revista General de Marina" / _cManuel Andújar y Solana ; con un prólogo de Leandro Saralegui y Medina. |
| 260 |
_aFerrol : _b[s.n., _c1901] ( _fImp. de Hijos de R. Pita) |
||
| 300 |
_aXXII, 172 p. ; _c22 x 15 cm. |
||
| 700 | 1 |
_aSaralegui y Medina, Leandro de. _9132473 |
|
| 852 |
_aES-MaACL _jG-12519 |
||
| 999 |
_c24536 _d24536 |
||